LEADER 02364nam0 2200421 i 450 001 RAV0140558 005 20251003044325.0 010 $a8815031634 100 $a19971107d1991 ||||0itac50 ba 101 | $aita 102 $ait 181 1$6z01$ai $bxxxe 182 1$6z01$an 200 1 $aTra cooperazione e competizione$ele relazioni economiche della Comunita europea con i paesi in via di sviluppo$fa cura di Gianfranco Viesti 210 $aBologna$cIl mulino$d[1991] 215 $a280 p.$d22 cm 225 | $aCronache internazionali$fISPI 300 $aIn testa al front. :ISPI, Istiuto per gli studi di politica internazionale 314 $aSC/MIL 06/05/03$9CFIV115727 410 0$1001CFI0167944$12001 $aCronache internazionali$fISPI$171202$aIstituto per gli studi di politica internazionale$3CFIV080660 676 $a337.1$9COOPERAZIONE ECONOMICA MULTILATERALE$v20 676 $a337.143$9COSIGLIO PER LA MUTUA ASSISTENZA ECONOMICA (COMECON)$v21 676 $a338.914$9SVILUPPO ECONOMICO INTERNAZIONALE. ASSISTENZA ECONOMICA EUROPEA.$v19 686 $a4171.2$cEUROPA UNITA CEE 1968-1989$2R 686 $a431.1$cECONOMIE IN VIA DI SVILUPPO 1968-1989$2R 686 $a5171.2$cEUROPA UNITA CEE 1989-2001$2R 686 $a531.1$cECONOMIE IN VIA DI SVILUPPO 1989-2001$2R 702 1$aViesti$b, Gianfranco$3CFIV115727 712 02$aIstituto per gli studi di politica internazionale$3CFIV080660 791 02$aISPI$c $3CFIV118665$zIstituto per gli studi di politica internazionale 801 3$aIT$bIT-000000$c19971107 850 $aIT-BN0095 901 $bNAP 01$cPOZZO LIB.$nVi sono collocati fondi di economia, periodici di ingegneria e scienze, periodici di economia e statistica e altri fondi comprendenti documenti di economia pervenuti in dono. 912 $aRAV0140558 950 0$aBiblioteca Centralizzata di Ateneo$c1 v. in due copie$d 01POZZO LIB.ECON MON 5287$e 0101 0700181695E VMA (bis 1 v. (2. copia; Precedente collocazione 18 EC 169)$fB $h20220608$i20220608$c1 v. in due copie$d 01POZZO LIB.ECON MON 5287$e 0101 0700211295E VMA 1 v. (Precedente collocazione 21 EC 129)$fB $h20220608$i20220608 977 $a 01 996 $aTra cooperazione e competizione$9613866 997 $aUNISANNIO